Generative deep learning: (Record no. 6658)

MARC details
000 -LEADER
fixed length control field 00752nam a22002417a 4500
003 - CONTROL NUMBER IDENTIFIER
control field OSt
005 - DATE AND TIME OF LATEST TRANSACTION
control field 20220107122856.0
008 - FIXED-LENGTH DATA ELEMENTS--GENERAL INFORMATION
fixed length control field 191122b xxu||||| |||| 00| 0 eng d
020 ## - INTERNATIONAL STANDARD BOOK NUMBER
International Standard Book Number 9789352138715
040 ## - CATALOGING SOURCE
Transcribing agency IIITMK
082 ## - DEWEY DECIMAL CLASSIFICATION NUMBER
Classification number 006.31 FOS/G
100 ## - MAIN ENTRY--PERSONAL NAME
Personal name Foster, David
9 (RLIN) 17115
245 ## - TITLE STATEMENT
Title Generative deep learning:
Remainder of title Teaching machines to paint, write, compose and play
Statement of responsibility, etc. David Foster
260 ## - PUBLICATION, DISTRIBUTION, ETC.
Place of publication, distribution, etc. Mumbai,
Name of publisher, distributor, etc. Shroff Publishers and Distributors,
Date of publication, distribution, etc. 2019.
300 ## - PHYSICAL DESCRIPTION
Extent xv, 308p.
650 ## - SUBJECT ADDED ENTRY--TOPICAL TERM
Topical term or geographic name entry element COMPUTER SCIENCE
9 (RLIN) 17384
650 ## - SUBJECT ADDED ENTRY--TOPICAL TERM
Topical term or geographic name entry element MACHINE LEARNING
9 (RLIN) 17385
650 ## - SUBJECT ADDED ENTRY--TOPICAL TERM
Topical term or geographic name entry element DEEP LEARNING
9 (RLIN) 17386
650 ## - SUBJECT ADDED ENTRY--TOPICAL TERM
Topical term or geographic name entry element GENERATIVE DEEP LEARNING
9 (RLIN) 17387
650 ## - SUBJECT ADDED ENTRY--TOPICAL TERM
Topical term or geographic name entry element GENERATIVE MODELING
9 (RLIN) 17388
650 ## - SUBJECT ADDED ENTRY--TOPICAL TERM
Topical term or geographic name entry element ARTIFICIAL INTELLIGENCE
9 (RLIN) 17389
942 ## - ADDED ENTRY ELEMENTS (KOHA)
Source of classification or shelving scheme Dewey Decimal Classification
Koha item type Books
Holdings
Withdrawn status Lost status Source of classification or shelving scheme Damaged status Not for loan Collection code Home library Current library Shelving location Date acquired Total Checkouts Full call number Barcode Date last seen Date last checked out Price effective from Koha item type
    Dewey Decimal Classification     Machine Learning/ Deep Learning Kerala University of Digital Sciences, Innovation and Technology Knowledge Centre Kerala University of Digital Sciences, Innovation and Technology Knowledge Centre Computer Science 22/11/2019 3 006.31 FOS/G 5586 29/12/2021 09/12/2020 22/11/2019 Books